| 000 | 00807nam a22001697a 4500 | ||
|---|---|---|---|
| 003 | OSt | ||
| 005 | 20251127084125.0 | ||
| 008 | 251127b |||||||| |||| 00| 0 eng d | ||
| 040 | _cDCL | ||
| 082 | _a၂၉၄.၃၈၂၃၁၃ | ||
| 130 |
_aတိပိဋက။ _pသုတ္တန္တပိဋက။ _pဒီဃနိကာယ။ _tပါထိကဝဂ္ဂ၊ _lအဋ္ဌကထာ။ |
||
| 245 | _aပါထိကဝဂ္ဂဋ္ဌကထာ။ | ||
| 264 |
_aရန်ကုန် ၊ _bနိုင်ငံတော်ဗုဒ္ဓသာသနာဖွဲ့၊ _c၁၉၉၃။ |
||
| 300 |
_aစ၊၂၈၈ စာမျက်နှာ ၊ _c၂၅ စင်တီ။ |
||
| 650 |
_aပါထိကဝဂ္ဂ _vအဋ္ဌကထာ။ |
||
| 942 |
_2ddc _cSHORT TERM _n0 |
||
| 999 |
_c2635 _d2635 |
||